000 01049nam a2200313 i 4500
001 7792
003 KOSZ 005
005 20191014102952.0
008 080821s1966 pl a f 000 0 pol
015 _aPB 1966/3337
040 _aWA N
_cKOSZ 005/RW
_dKOSZ 005/RW
_dKOSZ 005/HR
046 _k1966
080 _a624.04
080 _a624.07
100 1 _aAndermann, Feliks
_d(1927- ).
_eAutor
245 1 0 _aTarcze prostokątne :
_bobliczenia statyczne /
_cFeliks Andermann.
260 _aWarszawa :
_b"Arkady",
_c1966.
300 _a263, [1] s. :
_bil. ;
_c25 cm.
380 _aKsiążki.
388 _a1901-2000
504 _aBibliogr. s. [264].
521 8 _aDla inżynierów-projektantów i studentów wyższych szkół technicznych.
658 _aArchitektura i budownictwo
650 4 _aKonstrukcje budowlane
650 4 _aStatyka budowlana
710 2 _aWydawnictwo "Arkady".
_4pbl.
856 _uhttp://koha.tu.koszalin.pl/cgi-bin/koha/opac-detail.pl?biblionumber=7792
_yKatalog online BPK
942 _2UKD
_cKS
999 _c7792
_d7792